| 000 | 00548nam 22001813 4500 | ||
|---|---|---|---|
| 001 | 202611 | ||
| 090 | _a202611 | ||
| 100 | _a20260617d u||y0pory50 ba | ||
| 200 |
_aOito séculos de poesia alemã _eantologia comentada _fOlívio Caeiro |
||
| 210 |
_aLisboa _cFundação Calouste Gulbenkian _d1983 |
||
| 215 |
_a590 p. _cbrochado _d23 cm |
||
| 606 |
_95683 _aLiteratura Alemã _xPoesia |
||
| 610 | _apoesia alemã | ||
| 675 |
_a821.112.2-1 _vPT _zpor |
||
| 700 |
_917549 _aCaeiro _bOlívio |
||
| 801 |
_aPT _bBMMN _gRPC |
||
| 830 |
_cFernando _fFernando |
||
| 990 | _cLIVROS | ||